000 00487nam a2200181Ia 4500
008 100917s9999 xx 000 0 und d
082 _b52688
100 _aकाळे वैजयंती
245 _aमदहोश
260 _bराजेन्द्र प्रकाशन
_c1982
300 _a235
365 _b32
520 _aकादंबरी
630 _aमदहोश
650 _aकादंबरी
730 _aमदहोश
942 _cBOOK
999 _c658082
_d658079